Burgery w McDonald's - Statystyki

Ogólne statystyki
  • Ten quiz został rozwiązany 95 razy
  • Średni wynik to 12 z 24
Statystyki odpowiedzi
Podpowiedź Odpowiedź % Poprawnych
Jeden z najbardziej ulubionych burgerów z Polski.Jest podobno ,, Farmerski ''. WieśMac
83%
Zdecydowanie najpopularniejszy burger z całego Maka Big Mac
78%
Malutki burger z plastrem sera cheddar. Cheeseburger
77%
mały, tani burgerek bez sera. Hamburger
76%
Bułka, sos kanapkowy, kurczak, sałata. takie składniki są w tym burgerze. McChicken
76%
Burger z 2 plastrami sera i z cebulką. jest ,, Królewski ''. McRoyal
76%
Wygląda jak longer z KFC. Jest łagodny i dobry. Chickker
71%
Burger z chrupiącym kurczakiem McCrispy
65%
mały burger, bez sera, posiada sos i jako jedynyz mniejszych burgerów posiada ,,Dżalapino''. Jalapeno Burger
59%
Wiralowy burger z zimy, klasyczny Burger Drwala
56%
Wygląda jak longer z KFC. Nie jest łagodny. ma czerwony sos. Red Chickker
55%
2 kotlety, 1 plaster sera, sosy, pikiel. kosztuje ok. 11zł. ten burger to: McDouble
53%
Podwójny ,,Królewski '' Burger Podwójny McRoyal
42%
Podwójny ,,Swojski '' Burger Podwójny WieśMac
41%
Wiralowy burger z zimy, cena jak klasyk. zamiast mięsa ma kurczak Burger Drwala z kurczakiem
37%
Wiralowy burger z zimy, jeden z najdroższych. jest z czerwoną konfiturą. Burger Drwala z żurawiną
36%
Nowy wariant burgera z zimy. Jest z białym, ostrym sosem. Burger Drwala z chrzanem
32%
Burger z chrupiącym kurczakiem z dodatkowymi składnikami McCrispy Supreme
27%
Dużo warzyw. Zamiast mięsa kotlet warzywny. Veggie Burger
27%
zimowy burger, ostry. z ,,Dżalapino'' Burger Drwala na ostro
26%
ten burger jest 2x większy niż zwykły burger z zimy. Burger Drwala podwójny
23%
burger z ostrym, chrupiącym kurczakiem Spicy McCrispy
22%
duży, drogi burger, który jest dostępny we wiośnie, lecie i jesieni.Ten wariant ma ser i bekon. Maestro Bacon Cheddar
17%
duży, drogi burger, który jest dostępny we wiośnie, lecie i jesieni.Ten wariant jest klasykiem. Maestro Grand Classic
17%
Nie znaleziono quizów pasujących do podanych kryteriów
Rozkład punktacji
Procent ludzi z każdym wynikiem
Percentyl według liczby udzielonych odpowiedzi
Twoja historia wyników
Nie rozwiązałeś tego quizu